Fluidodinámica aplicada a la minería
Enregistré dans:
| Auteur principal: | |
|---|---|
| Format: | Livre |
| Langue: | espagnol |
| Publié: |
Santiago
Juan Rayo Capacitación S. A
2013
|
| Sujets: | |
| Tags: |
Ajouter un tag
Pas de tags, Soyez le premier à ajouter un tag!
|
MARC
| LEADER | 00000cam a2200000 a 4500 | ||
|---|---|---|---|
| 001 | UCF6388 | ||
| 003 | CL-VaPUC | ||
| 008 | 130425e20130000CL |||||||||||||||||spa|d | ||
| 020 | |a 9789569285011t.1 | ||
| 020 | |a 9789569285028t.2 | ||
| 020 | |a 9789569285004o.c | ||
| 082 | 0 | 4 | |a 532 |b RAY |2 21 |
| 100 | 0 | |a Rayo Prieto, Juan |e author |9 568379 | |
| 245 | 1 | 0 | |a Fluidodinámica aplicada a la minería |
| 300 | |a t | ||
| 942 | |c BK | ||
| 945 | |d 20130425 00:00:00 |a dcastane | ||
| 260 | |a Santiago |b Juan Rayo Capacitación S. A |c 2013 | ||
| 650 | 0 | |a Mecánica de fluidos |9 259464 | |
| 650 | 7 | |a TEMPERATURA |2 CL-VaPUC |9 568380 | |
| 650 | 7 | |a PRESION |2 CL-VaPUC |9 342426 | |
| 650 | 7 | |a DENSIDAD |2 CL-VaPUC |9 361498 | |
| 650 | 0 | |a Velocidad |9 311814 | |
| 650 | 0 | |a Industria minera |9 260256 | |
| 583 | |a last modification |c 20130425 11:23:00 |k Rodrigo Vera | ||
| 999 | |c 351608 |d 351606 | ||
| 952 | |0 0 |1 0 |4 0 |6 532_000000000000000_RAY_2013 |7 0 |8 A |9 455797 |a BIBING |b BIBING |d 2019-11-22 |h t.1 |i 4965892 |o 532 RAY 2013 |p 4965892 |r 2025-01-20 |w 2019-11-22 |y BK |k EIQ | ||
| 952 | |0 0 |1 0 |4 0 |6 532_000000000000000_RAY_2013 |7 0 |8 A |9 455798 |a BIBING |b BIBING |d 2019-11-22 |h t.1 |i 4965906 |o 532 RAY 2013 |p 4965906 |r 2025-01-20 |w 2019-11-22 |y BK |k EIQ | ||
| 952 | |0 0 |1 0 |4 0 |6 532_000000000000000_RAY_2013 |7 0 |8 A |9 455799 |a BIBING |b BIBING |d 2019-11-22 |h t.2 |i 4965914 |o 532 RAY 2013 |p 4965914 |r 2025-01-20 |w 2019-11-22 |y BK |k EIQ | ||
| 952 | |0 0 |1 0 |4 0 |6 532_000000000000000_RAY_2013 |7 0 |8 A |9 455800 |a BIBING |b BIBING |d 2019-11-22 |h t.2 |i 4965922 |o 532 RAY 2013 |p 4965922 |r 2025-01-20 |w 2019-11-22 |y BK |k EIQ | ||